[Event "CYCC U12"]
[Site "Ottawa CAN"]
[Date "2007.07.06"]
[Round "7"]
[White "Xu, Jun Rui"]
[Black "Constantinescu, Vlad"]
[Result "0-1"]
[WhiteElo "1437"]
[BlackElo "1676"]
[PlyCount "102"]
[GameId "2160767910659138"]
[EventDate "2007.07.03"]
[EventType "swiss"]
[EventRounds "7"]
[EventCountry "CAN"]
[SourceTitle "EXT 2022"]
[Source "ChessBase"]
[SourceDate "2021.10.06"]
[SourceVersion "1"]
[SourceVersionDate "2021.10.06"]
[SourceQuality "1"]

1. d4 Nf6 2. c4 g6 3. Nc3 d5 4. cxd5 Nxd5 5. e4 Nxc3 6. bxc3 Bg7 7. Rb1 O-O 8. Nf3 c5 9. Be2 cxd4 10. cxd4 b6 11. O-O e6 12. Ba3 Re8 13. Bb5 Bd7 14. Bxd7 Nxd7 15. Qd3 f5 16. exf5 exf5 17. Rfe1 Nf6 18. Rxe8+ Qxe8 19. Qc4+ Qf7 20. Qxf7+ Kxf7 21. Rc1 Nd5 22. Ne5+ Bxe5 23. dxe5 Ke6 24. Bd6 Rd8 25. Kf1 Nf4 26. Rc7 Rd7 27. Rxd7 Kxd7 28. g3 Nd5 29. h4 f4 30. g4 Nc3 31. a3 Nb5 32. Bb4 Ke6 33. a4 Nd4 34. Bd6 Nf3 35. Bb8 a6 36. Ke2 Nxe5 37. f3 Kd5 38. Bc7 b5 39. axb5 axb5 40. Ba5 h5 41. g5 Nc6 42. Bc7 Nd4+ 43. Kf2 Ne6 44. Ba5 Kc4 45. Bb6 b4 46. Ke2 Nd4+ 47. Bxd4 Kxd4 48. Kd2 b3 49. Kc1 Ke3 50. Kb2 Kxf3 51. Kxb3 Ke2 0-1

[Event "CYCC U12 playoff"]
[Site "Ottawa CAN"]
[Date "2007.07.06"]
[Round "1"]
[White "Gusev, Nikita"]
[Black "Kaminski, Thomas"]
[Result "0-1"]
[WhiteElo "2032"]
[BlackElo "1982"]
[PlyCount "70"]
[GameId "2160767910642425"]
[EventDate "2007.07.06"]
[EventType "match"]
[EventCountry "CAN"]
[SourceTitle "EXT 2022"]
[Source "ChessBase"]
[SourceDate "2021.10.06"]
[SourceVersion "1"]
[SourceVersionDate "2021.10.06"]
[SourceQuality "1"]

1. e4 c6 2. d4 d5 3. e5 Bf5 4. Nf3 e6 5. Be2 c5 6. c3 Nc6 7. O-O Qc7 8. Be3 O-O-O 9. Nbd2 cxd4 10. cxd4 f6 11. Rc1 Kb8 12. Nb3 Qb6 13. Bf4 Ka8 14. Bd3 Bxd3 15. Qxd3 g5 16. Be3 g4 17. Nfd2 f5 18. Nc5 Bxc5 19. dxc5 Qxb2 20. Rb1 Qxe5 21. Qb5 Rb8 22. g3 Qc7 23. Nb3 Nge7 24. Nd4 Nxd4 25. Bxd4 e5 26. Bc3 d4 27. Bd2 Qc6 28. Qa5 Nd5 29. a3 Rhe8 30. Rfe1 e4 31. Rb3 Rbc8 32. Bb4 e3 33. fxe3 Nxe3 34. Rb2 Nc4 35. Rxe8 Rxe8 0-1

[Event "CYCC U12 w"]
[Site "Ottawa CAN"]
[Date "2007.07.03"]
[Round "1"]
[White "Botez, Alexandra"]
[Black "Powell, Ashley"]
[Result "1-0"]
[WhiteElo "1780"]
[BlackElo "1106"]
[PlyCount "81"]
[GameId "2160767910659139"]
[EventDate "2007.07.03"]
[EventType "tourn"]
[EventRounds "7"]
[EventCountry "CAN"]
[SourceTitle "EXT 2022"]
[Source "ChessBase"]
[SourceDate "2021.10.06"]
[SourceVersion "1"]
[SourceVersionDate "2021.10.06"]
[SourceQuality "1"]

1. d4 d5 2. c4 c6 3. Nc3 e5 4. dxe5 Bb4 5. cxd5 cxd5 6. e3 Nc6 7. Bb5 Nge7 8. Nf3 O-O 9. O-O Bg4 10. Bxc6 Nxc6 11. Nxd5 Nxe5 12. Nxb4 Qxd1 13. Rxd1 Rad8 14. Rf1 Nxf3+ 15. gxf3 Bxf3 16. h4 Rd7 17. b3 Rd6 18. Kh2 Rg6 19. Rg1 Rxg1 20. Kxg1 Rd8 21. Bb2 Rd6 22. Rc1 Rg6+ 23. Kf1 h6 24. Nd3 Rg2 25. Ne5 Be4 26. Rc4 Bd5 27. Rd4 Rh2 28. Rxd5 Rh1+ 29. Ke2 Rxh4 30. Rd8+ Kh7 31. Nxf7 Kg6 32. Ne5+ Kf5 33. Rf8+ Ke4 34. f3+ Kd5 35. e4+ Ke6 36. Re8+ Kd6 37. Ba3+ Kc7 38. Re7+ Kc8 39. Bd6 Rh2+ 40. Ke3 Rc2 41. Re8# 1-0

[Event "CYCC U12 w"]
[Site "Ottawa CAN"]
[Date "2007.07.03"]
[Round "1"]
[White "Green, Leah"]
[Black "Ruiter, Erika"]
[Result "0-1"]
[WhiteElo "1448"]
[BlackElo "1198"]
[PlyCount "82"]
[GameId "2160767910659140"]
[EventDate "2007.07.03"]
[EventType "tourn"]
[EventRounds "7"]
[EventCountry "CAN"]
[SourceTitle "EXT 2022"]
[Source "ChessBase"]
[SourceDate "2021.10.06"]
[SourceVersion "1"]
[SourceVersionDate "2021.10.06"]
[SourceQuality "1"]

1. e4 Nf6 2. d3 e5 3. Nf3 Nc6 4. Nc3 Bb4 5. Bd2 O-O 6. Be3 Bxc3+ 7. bxc3 Re8 8. Be2 d5 9. c4 dxe4 10. dxe4 Nxe4 11. Bd3 Nf6 12. Ng5 e4 13. Be2 h6 14. Qxd8 Rxd8 15. Nh3 Be6 16. Nf4 Bf5 17. Rb1 Rab8 18. O-O Nd4 19. Bxd4 Rxd4 20. Rbd1 Rbd8 21. c3 R4d7 22. Nh5 Nxh5 23. Bxh5 Bg6 24. f3 Rxd1 25. fxe4 Rxf1+ 26. Kxf1 Bxe4 27. Bf3 Bxf3 28. gxf3 Rd2 29. Ke1 Rxh2 30. f4 Rxa2 31. Kd1 h5 32. Ke1 h4 33. Kf1 h3 34. Kg1 h2+ 35. Kh1 a5 36. c5 a4 37. c6 bxc6 38. c4 a3 39. c5 Rb2 40. f5 a2 41. f6 a1=Q# 0-1

[Event "CYCC U12 w"]
[Site "Ottawa CAN"]
[Date "2007.07.03"]
[Round "1"]
[White "Plotkin, Rina"]
[Black "Mongenais, Valerie"]
[Result "0-1"]
[WhiteElo "1259"]
[BlackElo "1241"]
[PlyCount "64"]
[GameId "2160767910659141"]
[EventDate "2007.07.03"]
[EventType "tourn"]
[EventRounds "7"]
[EventCountry "CAN"]
[SourceTitle "EXT 2022"]
[Source "ChessBase"]
[SourceDate "2021.10.06"]
[SourceVersion "1"]
[SourceVersionDate "2021.10.06"]
[SourceQuality "1"]

1. e4 e5 2. Nf3 Nc6 3. Bc4 Nf6 4. d3 Bc5 5. O-O d6 6. h3 Be6 7. Bb3 Bxb3 8. axb3 O-O 9. Bg5 h6 10. Bh4 Re8 11. c3 Re6 12. Re1 d5 13. Nbd2 Qd7 14. b4 Bb6 15. c4 dxc4 16. Nxc4 Rae8 17. Qb3 a6 18. Na5 Bxa5 19. bxa5 Rd8 20. Qxb7 Nd4 21. Nxd4 Qxd4 22. Qxc7 Qxd3 23. Bxf6 Rxf6 24. Qxe5 Re6 25. Qf4 Rf6 26. Qe3 Qxe3 27. Rxe3 Rd2 28. b4 Rb2 29. Ra4 Rfxf2 30. g4 Rfd2 31. e5 Rb1+ 32. Re1 Rxe1# 0-1

[Event "CYCC U12 w"]
[Site "Ottawa CAN"]
[Date "2007.07.03"]
[Round "1"]
[White "Roy, Myriam"]
[Black "Packo, Bianca"]
[Result "1-0"]
[WhiteElo "1978"]
[BlackElo "1192"]
[PlyCount "41"]
[GameId "2160767910659142"]
[EventDate "2007.07.03"]
[EventType "tourn"]
[EventRounds "7"]
[EventCountry "CAN"]
[SourceTitle "EXT 2022"]
[Source "ChessBase"]
[SourceDate "2021.10.06"]
[SourceVersion "1"]
[SourceVersionDate "2021.10.06"]
[SourceQuality "1"]

1. e4 Nc6 2. d4 Nf6 3. Nc3 e5 4. Nf3 Nxd4 5. Nxd4 Bc5 6. Nf3 Ng4 7. Be3 Nxe3 8. fxe3 d6 9. Qd2 c6 10. Bc4 Qb6 11. Na4 Qb4 12. Nxc5 dxc5 13. Qxb4 cxb4 14. Nxe5 Rf8 15. O-O b5 16. Bxf7+ Rxf7 17. Rxf7 Be6 18. Rxg7 Rd8 19. Nxc6 Rd2 20. Rf1 Bc4 21. Re7# 1-0

[Event "CYCC U12 w"]
[Site "Ottawa CAN"]
[Date "2007.07.03"]
[Round "2"]
[White "Mongenais, Valerie"]
[Black "Powell, Ashley"]
[Result "0-1"]
[WhiteElo "1241"]
[BlackElo "1106"]
[PlyCount "100"]
[GameId "2160767910659143"]
[EventDate "2007.07.03"]
[EventType "tourn"]
[EventRounds "7"]
[EventCountry "CAN"]
[SourceTitle "EXT 2022"]
[Source "ChessBase"]
[SourceDate "2021.10.06"]
[SourceVersion "1"]
[SourceVersionDate "2021.10.06"]
[SourceQuality "1"]

1. e4 e5 2. Nf3 Nc6 3. Bc4 Nf6 4. d4 exd4 5. e5 d5 6. Bb5 Ne4 7. Nxd4 Bc5 8. Bxc6+ bxc6 9. O-O Ba6 10. Re1 Qh4 11. Be3 O-O 12. Nc3 Bb4 13. Qf3 Ng5 14. Qf5 Bc8 15. Bxg5 Qxd4 16. Be3 Qc4 17. Qg5 h6 18. Qg3 g6 19. Red1 Bg4 20. h3 Bxd1 21. Rxd1 Bxc3 22. bxc3 Qxa2 23. Bd4 Qxc2 24. Re1 Rab8 25. e6 fxe6 26. Qxg6+ Qxg6 27. Re3 Rb1+ 28. Kh2 Rxf2 29. Rg3 Rxg2+ 30. Rxg2 Rb2 31. Bf2 Rxf2 32. Rxf2 Qd3 33. Rg2+ Kf8 34. h4 Qxc3 35. h5 d4 36. Rg3 Qc2+ 37. Rg2 Qd1 38. Rg1 Qxh5+ 39. Kg2 d3 40. Rf1+ Ke7 41. Kf2 d2 42. Kg1 d1=Q 43. Rxd1 Qxd1+ 44. Kh2 Qg4 45. Kh1 Kf6 46. Kh2 Kf5 47. Kh1 Kf4 48. Kh2 Kf3 49. Kh1 Kf2 50. Kh2 Qg2# 0-1

[Event "CYCC U12 w"]
[Site "Ottawa CAN"]
[Date "2007.07.03"]
[Round "2"]
[White "Plotkin, Rina"]
[Black "Roy, Myriam"]
[Result "0-1"]
[WhiteElo "1259"]
[BlackElo "1978"]
[PlyCount "72"]
[GameId "2160767910659145"]
[EventDate "2007.07.03"]
[EventType "tourn"]
[EventRounds "7"]
[EventCountry "CAN"]
[SourceTitle "EXT 2022"]
[Source "ChessBase"]
[SourceDate "2021.10.06"]
[SourceVersion "1"]
[SourceVersionDate "2021.10.06"]
[SourceQuality "1"]

1. e4 c5 2. Nf3 Nc6 3. d4 cxd4 4. Nxd4 Nf6 5. Nc3 d6 6. Bb5 Bd7 7. O-O e6 8. Bg5 Be7 9. Re1 h6 10. Bh4 O-O 11. Ba4 Nxd4 12. Qxd4 Bxa4 13. Nxa4 Qc7 14. c3 b5 15. Rad1 bxa4 16. Qxa4 Rab8 17. Rd2 Rfd8 18. Bg3 Qb7 19. Qa3 d5 20. Qa5 Nxe4 21. Bxb8 Nxd2 22. Bc7 Rc8 23. Bf4 Nc4 24. Qa4 Nxb2 25. Qc2 Nc4 26. Qd3 Bg5 27. Bxg5 hxg5 28. Qg3 Qe7 29. Qg4 Qf6 30. Qg3 Nd2 31. Re5 Ne4 32. Qe3 Qxe5 33. f3 Rxc3 34. Qe2 Rc1+ 35. Qf1 Qd4+ 36. Kh1 Rxf1# 0-1

[Event "CYCC U12 w"]
[Site "Ottawa CAN"]
[Date "2007.07.03"]
[Round "2"]
[White "Ruiter, Erika"]
[Black "Botez, Alexandra"]
[Result "0-1"]
[WhiteElo "1198"]
[BlackElo "1780"]
[PlyCount "106"]
[GameId "2160767910659146"]
[EventDate "2007.07.03"]
[EventType "tourn"]
[EventRounds "7"]
[EventCountry "CAN"]
[SourceTitle "EXT 2022"]
[Source "ChessBase"]
[SourceDate "2021.10.06"]
[SourceVersion "1"]
[SourceVersionDate "2021.10.06"]
[SourceQuality "1"]

1. e4 e6 2. d4 d5 3. e5 c5 4. Bb5+ Bd7 5. Bxd7+ Nxd7 6. Nf3 cxd4 7. Nxd4 Nxe5 8. O-O Bd6 9. b3 h6 10. Bb2 Nf6 11. Nf3 Ng6 12. Nc3 a6 13. Re1 O-O 14. Ne2 Rc8 15. Rc1 Ne4 16. Qd4 Qf6 17. Qxf6 Nxf6 18. Ned4 Ne4 19. Red1 Nf4 20. Nd2 Nc3 21. Bxc3 Rxc3 22. g3 Ng6 23. Ne2 Rc7 24. c4 Ba3 25. Rc2 Rfc8 26. Rb1 Bb4 27. Rbc1 Bxd2 28. Rxd2 dxc4 29. bxc4 Rxc4 30. Rxc4 Rxc4 31. Rd8+ Kh7 32. a3 Rc2 33. Nd4 Ra2 34. Rd7 Rd2 35. Kg2 e5 36. Rxb7 Rxd4 37. Rxf7 Rd3 38. a4 Ra3 39. f4 exf4 40. gxf4 Rxa4 41. f5 Ne5 42. Re7 Ng4 43. h3 Nf6 44. Kg3 a5 45. h4 Ra3+ 46. Kf4 a4 47. Ke5 Re3+ 48. Kd6 Rxe7 49. Kxe7 a3 50. h5 a2 51. Kf7 a1=Q 52. Kf8 Qe5 53. Kf7 Qe8# 0-1

[Event "CYCC U12 w"]
[Site "Ottawa CAN"]
[Date "2007.07.04"]
[Round "3"]
[White "Green, Leah"]
[Black "Plotkin, Rina"]
[Result "0-1"]
[WhiteElo "1448"]
[BlackElo "1259"]
[PlyCount "84"]
[GameId "2160767910659148"]
[EventDate "2007.07.03"]
[EventType "tourn"]
[EventRounds "7"]
[EventCountry "CAN"]
[SourceTitle "EXT 2022"]
[Source "ChessBase"]
[SourceDate "2021.10.06"]
[SourceVersion "1"]
[SourceVersionDate "2021.10.06"]
[SourceQuality "1"]

1. e4 e5 2. g3 Nf6 3. Bg2 Nc6 4. d3 d5 5. Nd2 Bb4 6. c3 Bc5 7. b4 Bb6 8. a4 a6 9. Bb2 O-O 10. b5 axb5 11. axb5 Rxa1 12. Qxa1 Na5 13. Ba3 Be6 14. Bxf8 Kxf8 15. Qa3+ Kg8 16. Nb3 Nxb3 17. Qxb3 dxe4 18. Qb4 Qxd3 19. Ne2 Bg4 20. O-O Qxe2 21. Qa4 h6 22. h3 Bf3 23. Bxf3 Qxf3 24. Qd1 Qxc3 25. Qd8+ Kh7 26. Qe7 e3 27. Rb1 exf2+ 28. Kg2 Ne4 29. Qxf7 Qxg3+ 30. Kf1 Nd2+ 31. Ke2 Nxb1 32. Qf5+ Qg6 33. Qxg6+ Kxg6 34. Kf1 Nd2+ 35. Ke2 f1=Q+ 36. Kxd2 Qf3 37. h4 Ba5+ 38. Kc2 Qc3+ 39. Kb1 Bb6 40. h5+ Kf5 41. Ka2 Bd4 42. Kb1 Qb2# 0-1

[Event "CYCC U12 w"]
[Site "Ottawa CAN"]
[Date "2007.07.04"]
[Round "3"]
[White "Powell, Ashley"]
[Black "Ruiter, Erika"]
[Result "0-1"]
[WhiteElo "1106"]
[BlackElo "1198"]
[PlyCount "82"]
[GameId "2160767910659149"]
[EventDate "2007.07.03"]
[EventType "tourn"]
[EventRounds "7"]
[EventCountry "CAN"]
[SourceTitle "EXT 2022"]
[Source "ChessBase"]
[SourceDate "2021.10.06"]
[SourceVersion "1"]
[SourceVersionDate "2021.10.06"]
[SourceQuality "1"]

1. e4 Nf6 2. e5 Nd5 3. Bc4 c6 4. Nc3 Nxc3 5. dxc3 d5 6. Be2 Bf5 7. Nf3 g6 8. O-O Bg7 9. Ng5 Bxe5 10. Nf3 Bg7 11. Re1 O-O 12. Bf1 Re8 13. Bd3 Bxd3 14. cxd3 Nd7 15. c4 Nb6 16. cxd5 cxd5 17. Bd2 Bxb2 18. Rb1 Bg7 19. Qc1 Qc8 20. Qd1 Qc6 21. Be3 Rad8 22. Qd2 e5 23. Bh6 e4 24. Rbc1 Qe6 25. Ng5 Bxh6 26. Qf4 Bxg5 27. Qxg5 Qe5 28. Qe3 f5 29. Rc2 d4 30. Qh6 Qg7 31. Qc1 exd3 32. Rc7 Rxe1+ 33. Qxe1 Qxc7 34. Qe6+ Qf7 35. Qe1 Re8 36. Qf1 d2 37. h3 Re1 38. Qxe1 dxe1=Q+ 39. Kh2 Qc7+ 40. g3 Qxf2+ 41. Kh1 Qc1# 0-1

[Event "CYCC U12 w"]
[Site "Ottawa CAN"]
[Date "2007.07.04"]
[Round "3"]
[White "Roy, Myriam"]
[Black "Mongenais, Valerie"]
[Result "1-0"]
[WhiteElo "1978"]
[BlackElo "1241"]
[PlyCount "77"]
[GameId "2160767910659150"]
[EventDate "2007.07.03"]
[EventType "tourn"]
[EventRounds "7"]
[EventCountry "CAN"]
[SourceTitle "EXT 2022"]
[Source "ChessBase"]
[SourceDate "2021.10.06"]
[SourceVersion "1"]
[SourceVersionDate "2021.10.06"]
[SourceQuality "1"]

1. e4 e5 2. Nf3 Nc6 3. d4 exd4 4. Nxd4 Bc5 5. Nb3 Bb6 6. a4 a5 7. Na3 Nf6 8. Bg5 d6 9. Nc4 Bg4 10. Be2 Be6 11. Nxb6 cxb6 12. Nd4 h6 13. Bxf6 Qxf6 14. Nxc6 bxc6 15. Qxd6 Rc8 16. c3 Qd8 17. Qg3 O-O 18. Qe3 Re8 19. O-O Bb3 20. c4 Bc2 21. f3 b5 22. axb5 cxb5 23. Rfc1 Ba4 24. b3 Qg5 25. Qxg5 hxg5 26. bxa4 b4 27. c5 b3 28. Rab1 Rb8 29. Bb5 Rec8 30. Rxb3 g6 31. c6 f5 32. c7 Rb7 33. Bc4+ Kf8 34. Rxb7 fxe4 35. Rb8 Rxb8 36. cxb8=Q+ Ke7 37. Qe5+ Kd7 38. Bb5+ Kd8 39. Qe8# 1-0

[Event "CYCC U12 w"]
[Site "Ottawa CAN"]
[Date "2007.07.04"]
[Round "4"]
[White "Mongenais, Valerie"]
[Black "Ruiter, Erika"]
[Result "0-1"]
[WhiteElo "1241"]
[BlackElo "1198"]
[PlyCount "124"]
[GameId "2160767910659151"]
[EventDate "2007.07.03"]
[EventType "tourn"]
[EventRounds "7"]
[EventCountry "CAN"]
[SourceTitle "EXT 2022"]
[Source "ChessBase"]
[SourceDate "2021.10.06"]
[SourceVersion "1"]
[SourceVersionDate "2021.10.06"]
[SourceQuality "1"]

1. e4 Nf6 2. e5 Nd5 3. d4 d6 4. Nf3 g6 5. Bd3 Bg7 6. c4 Nb6 7. Bf4 O-O 8. Nc3 Re8 9. O-O f6 10. exd6 exd6 11. b3 Bg4 12. Re1 Re7 13. h3 Bxf3 14. Qxf3 Nc6 15. Re3 f5 16. Rae1 Rxe3 17. Rxe3 Bxd4 18. Re2 Bxc3 19. c5 dxc5 20. Bh6 Nd4 21. Qxb7 Nxe2+ 22. Bxe2 Qb8 23. Qc6 Bg7 24. Qe6+ Kh8 25. Bxg7+ Kxg7 26. Bf3 Qf8 27. Bxa8 Nxa8 28. Qe5+ Kg8 29. Qd5+ Kh8 30. Qe5+ Kg8 31. h4 a5 32. a4 Qd8 33. Qxc5 Qd1+ 34. Kh2 Qd6+ 35. Qxd6 cxd6 36. Kg3 Nc7 37. Kf4 Ne6+ 38. Ke3 Nc5 39. Kd4 Nxb3+ 40. Kc4 Nc5 41. Kb5 Kf7 42. Kxa5 Ke6 43. Kb5 Ke5 44. a5 Kd4 45. Kc6 d5 46. f4 h6 47. g3 h5 48. Kd6 Kc4 49. Kc6 d4 50. Kd6 d3 51. Ke5 d2 52. a6 Nxa6 53. Kf6 d1=Q 54. Kg5 Qg4+ 55. Kh6 Kd5 56. Kh7 Ke6 57. Kh6 Kf6 58. Kh7 Qd1 59. Kh6 Qb3 60. g4 fxg4 61. f5 Qf7 62. fxg6 Qg7+ 0-1

[Event "CYCC U12 w"]
[Site "Ottawa CAN"]
[Date "2007.07.04"]
[Round "4"]
[White "Packo, Bianca"]
[Black "Powell, Ashley"]
[Result "0-1"]
[WhiteElo "1192"]
[BlackElo "1106"]
[PlyCount "82"]
[GameId "2160767910659152"]
[EventDate "2007.07.03"]
[EventType "tourn"]
[EventRounds "7"]
[EventCountry "CAN"]
[SourceTitle "EXT 2022"]
[Source "ChessBase"]
[SourceDate "2021.10.06"]
[SourceVersion "1"]
[SourceVersionDate "2021.10.06"]
[SourceQuality "1"]

1. Nf3 Nc6 2. Nc3 e5 3. e3 Nf6 4. h4 Bc5 5. Ng5 O-O 6. e4 h6 7. Nf3 Ng4 8. Qe2 Nb4 9. Qc4 Nxc2+ 10. Kd1 Nxa1 11. Qxc5 d6 12. Qd5 Nxf2+ 13. Ke1 Nxh1 14. Qd3 Ng3 15. Nh2 Qxh4 16. Nf3 Qd8 17. Nh2 Nxf1 18. Kxf1 Qf6+ 19. Ke2 Qh4 20. Nf1 Bg4+ 21. Ke3 Qg5+ 22. Kf2 Qh4+ 23. Ng3 Qf6+ 24. Kg1 Rfe8 25. Qe3 Nc2 26. Nd5 Qe6 27. Qf2 Rac8 28. d3 c6 29. Nf5 cxd5 30. Qh4 Be2 31. Bxh6 f6 32. Bxg7 Kf7 33. Qh5+ Bxh5 34. Kh2 dxe4 35. dxe4 Ne1 36. Kh3 Rc2 37. Kh4 Rxg2 38. Kh3 Qxf5+ 39. exf5 Kxg7 40. Kh4 Bf3 41. b4 Rh8# 0-1

[Event "CYCC U12 w"]
[Site "Ottawa CAN"]
[Date "2007.07.04"]
[Round "4"]
[White "Plotkin, Rina"]
[Black "Botez, Alexandra"]
[Result "0-1"]
[WhiteElo "1259"]
[BlackElo "1780"]
[PlyCount "120"]
[GameId "2160767910659153"]
[EventDate "2007.07.03"]
[EventType "tourn"]
[EventRounds "7"]
[EventCountry "CAN"]
[SourceTitle "EXT 2022"]
[Source "ChessBase"]
[SourceDate "2021.10.06"]
[SourceVersion "1"]
[SourceVersionDate "2021.10.06"]
[SourceQuality "1"]

1. e4 e6 2. d4 d5 3. exd5 exd5 4. Nc3 Be6 5. Nf3 Bb4 6. a3 Bxc3+ 7. bxc3 Nd7 8. Bf4 Ngf6 9. Bd3 O-O 10. O-O Bg4 11. h3 Bh5 12. c4 dxc4 13. Bxc4 Nb6 14. Bd3 c6 15. Re1 Re8 16. Be2 Bxf3 17. Bxf3 Rxe1+ 18. Qxe1 Qxd4 19. Be5 Qh4 20. Qc3 Nfd5 21. Qd4 Qxd4 22. Bxd4 Nc4 23. c3 b6 24. a4 Rd8 25. Re1 f6 26. Bd1 c5 27. Be3 Ncxe3 28. fxe3 Nxe3 29. Bb3+ c4 30. Rxe3 cxb3 31. Re2 Rd3 32. c4 Rc3 33. Rb2 Rc1+ 34. Kh2 Rxc4 35. Rxb3 Rxa4 36. g4 Rc4 37. Kg3 Rc6 38. Kf4 a6 39. Ke4 Rc4+ 40. Kd5 b5 41. Ra3 Ra4 42. Rxa4 bxa4 43. Kc4 Kf7 44. Kb4 Kg6 45. Kxa4 Kg5 46. Ka5 Kh4 47. Kxa6 Kxh3 48. Kb5 Kxg4 49. Kc4 h5 50. Kd3 Kg3 51. Ke2 Kg2 52. Ke3 h4 53. Kf4 h3 54. Kf5 h2 55. Kg6 h1=Q 56. Kxg7 Qh5 57. Kxf6 Kf3 58. Ke6 Qg5 59. Kf7 Qh6 60. Ke7 Qg6 0-1

[Event "CYCC U12 w"]
[Site "Ottawa CAN"]
[Date "2007.07.04"]
[Round "4"]
[White "Roy, Myriam"]
[Black "Green, Leah"]
[Result "1-0"]
[WhiteElo "1978"]
[BlackElo "1448"]
[PlyCount "53"]
[GameId "2160767910659154"]
[EventDate "2007.07.03"]
[EventType "tourn"]
[EventRounds "7"]
[EventCountry "CAN"]
[SourceTitle "EXT 2022"]
[Source "ChessBase"]
[SourceDate "2021.10.06"]
[SourceVersion "1"]
[SourceVersionDate "2021.10.06"]
[SourceQuality "1"]

1. e4 e5 2. Nf3 Nc6 3. d4 d6 4. dxe5 dxe5 5. Qxd8+ Kxd8 6. Nc3 Nb4 7. Bg5+ Be7 8. O-O-O+ Bd7 9. Bxe7+ Nxe7 10. Nxe5 Ke8 11. Nxd7 Rd8 12. Nc5 b6 13. Nd3 Nxd3+ 14. Bxd3 Nc6 15. Bb5 Rxd1+ 16. Rxd1 Ke7 17. Bxc6 Rd8 18. Nd5+ Kf8 19. Nxc7 Rc8 20. Rd7 g6 21. Bd5 Kg7 22. Rxf7+ Kh6 23. Ne6 a5 24. g4 b5 25. f3 a4 26. g5+ Kh5 27. Rxh7# 1-0

[Event "CYCC U12 w"]
[Site "Ottawa CAN"]
[Date "2007.07.05"]
[Round "5"]
[White "Botez, Alexandra"]
[Black "Roy, Myriam"]
[Result "1/2-1/2"]
[WhiteElo "1780"]
[BlackElo "1978"]
[PlyCount "140"]
[GameId "2160767910659155"]
[EventDate "2007.07.03"]
[EventType "tourn"]
[EventRounds "7"]
[EventCountry "CAN"]
[SourceTitle "EXT 2022"]
[Source "ChessBase"]
[SourceDate "2021.10.06"]
[SourceVersion "1"]
[SourceVersionDate "2021.10.06"]
[SourceQuality "1"]

1. d4 d5 2. c4 e6 3. Nf3 Nf6 4. Nc3 Be7 5. e3 c5 6. cxd5 exd5 7. g3 O-O 8. Bg2 Nc6 9. O-O Bf5 10. a3 Rc8 11. dxc5 Bxc5 12. Nd4 Bg6 13. Nxc6 bxc6 14. b4 Be7 15. Bb2 a5 16. b5 cxb5 17. Nxb5 Qb6 18. a4 Bc2 19. Qe2 Bb3 20. Bd4 Qa6 21. Rfb1 Bc4 22. Qd2 Ne4 23. Bxe4 dxe4 24. Bc3 Bd3 25. Re1 Bxb5 26. axb5 Qxb5 27. Rxa5 Qc4 28. Rc1 Bb4 29. Ra4 Bxc3 30. Rxc4 Bxd2 31. Rxc8 Bxc1 32. Rxc1 f5 33. Rc4 Rd8 34. g4 g6 35. gxf5 gxf5 36. Rc5 Rf8 37. Kg2 Kg7 38. Kg3 Kg6 39. Kf4 h6 40. Rc6+ Rf6 41. Rc5 Rf8 42. Rc6+ Rf6 43. Rc8 Rf7 44. Rg8+ Kh7 45. Rg3 Rf8 46. h4 Rf7 47. h5 Rd7 48. Rg6 Rd2 49. Rg2 Rd5 50. Rg6 Rd2 51. Kg3 Rd5 52. Re6 Kg7 53. Kf4 Rd2 54. Kxf5 Rxf2+ 55. Kxe4 Rh2 56. Re5 Kf6 57. Rb5 Rh4+ 58. Kf3 Rh3+ 59. Kf4 Rh4+ 60. Kg3 Re4 61. Kf3 Rh4 62. e4 Rh1 63. Rb6+ Kg5 64. Rb5+ Kf6 65. e5+ Kf5 66. Ke2 Rh4 67. Kf3 Rf4+ 68. Kg3 Rg4+ 69. Kh3 Re4 70. e6+ Kf6 1/2-1/2

[Event "CYCC U12 w"]
[Site "Ottawa CAN"]
[Date "2007.07.05"]
[Round "5"]
[White "Green, Leah"]
[Black "Mongenais, Valerie"]
[Result "0-1"]
[WhiteElo "1448"]
[BlackElo "1241"]
[PlyCount "144"]
[GameId "2160767910659156"]
[EventDate "2007.07.03"]
[EventType "tourn"]
[EventRounds "7"]
[EventCountry "CAN"]
[SourceTitle "EXT 2022"]
[Source "ChessBase"]
[SourceDate "2021.10.06"]
[SourceVersion "1"]
[SourceVersionDate "2021.10.06"]
[SourceQuality "1"]

1. e4 e5 2. g3 Nf6 3. Bg2 Nc6 4. Nc3 Bc5 5. d3 h6 6. Bh3 d6 7. Qe2 Bxh3 8. Nxh3 O-O 9. Be3 Re8 10. g4 Bxe3 11. fxe3 d5 12. Qg2 dxe4 13. dxe4 Nb4 14. Rg1 Nd7 15. g5 hxg5 16. Nxg5 Qf6 17. O-O-O Rad8 18. a3 Nc6 19. Nd5 Qg6 20. Nxc7 Re7 21. Nd5 Ree8 22. Rdf1 Ne7 23. Rxf7 Nxd5 24. exd5 Nf6 25. c4 a6 26. b4 b5 27. cxb5 axb5 28. Rd1 Ra8 29. d6 Red8 30. h4 Rxa3 31. Rxg7+ Qxg7 32. Kb2 Ra6 33. d7 Ra7 34. Qc6 Raxd7 35. Qe6+ Kh8 36. Rxd7 Rxd7 37. Qxe5 Nd5 38. Qxg7+ Kxg7 39. Ne6+ Kf7 40. Ng5+ Kg6 41. Ne6 Rf7 42. Kb3 Nxe3 43. Ng5 Rf5 44. Nh3 Nd5 45. Kb2 Nxb4 46. Ng5 Rf4 47. Ne6 Rxh4 48. Nf8+ Kf7 49. Nd7 Rh3 50. Ne5+ Ke6 51. Ng6 Kd6 52. Nf4 Rg3 53. Nh5 Rf3 54. Ka1 Rf2 55. Ng3 Kd5 56. Nh5 Kc4 57. Ng3 Kb3 58. Kb1 Rg2 59. Kc1 Rxg3 60. Kd2 Kc4 61. Ke2 Kd4 62. Kf2 Rb3 63. Kg2 Ke4 64. Kh2 Kf4 65. Kg2 Ra3 66. Kf2 Ra2+ 67. Ke1 Ke3 68. Kd1 Rh2 69. Kc1 Kd3 70. Kb1 Kc3 71. Ka1 Kb3 72. Kb1 Rh1# 0-1

[Event "CYCC U12 w"]
[Site "Ottawa CAN"]
[Date "2007.07.05"]
[Round "5"]
[White "Powell, Ashley"]
[Black "Plotkin, Rina"]
[Result "1-0"]
[WhiteElo "1106"]
[BlackElo "1259"]
[PlyCount "51"]
[GameId "2160767910659157"]
[EventDate "2007.07.03"]
[EventType "tourn"]
[EventRounds "7"]
[EventCountry "CAN"]
[SourceTitle "EXT 2022"]
[Source "ChessBase"]
[SourceDate "2021.10.06"]
[SourceVersion "1"]
[SourceVersionDate "2021.10.06"]
[SourceQuality "1"]

1. e4 e5 2. Nf3 Nc6 3. Bc4 Bc5 4. b4 Bxb4 5. c3 Bc5 6. d4 exd4 7. O-O Nf6 8. cxd4 Bb6 9. Ba3 d5 10. exd5 Nxd5 11. Re1+ Be6 12. Qa4 Qd7 13. Bb5 Rc8 14. Ne5 Nc3 15. Nxc3 Qxd4 16. Bxc6+ bxc6 17. Qxc6+ Kd8 18. Rad1 Rb8 19. Rxd4+ Bxd4 20. Rd1 Kc8 21. Rxd4 Rb7 22. Qa6 Kb8 23. Nc6+ Ka8 24. Rb4 Bc8 25. Rxb7 Bxb7 26. Qxa7# 1-0